00485 2200193 4500001002100000005001500021008004100036020002200077035001900099041000700118082000800125090001600133100001400149245003800163260003900201300002500240500001000265650001600275INLIS00000000000460120241224112937241224||||||||| | ||| |||| || |  a978-602-73160-9-6 0010-1224004601 aid0 a381 a381.4 WID d0 aYB WIDODO00aDari Petani Lokal Ke Pasar Global aMalang.bIntelegensia Media.c2017 a102 HAL,; 13,5X21 CM aCET 1 0aIlmu Sosial